Raffai Sarolta írói munkássága (1930-)

Elmentve itt :
Bibliográfiai részletek
Szerző: Haszán János
További közreműködők: Ilia Mihály (Témavezető)
Dokumentumtípus: Szakdolgozat
Megjelent: 1972
Tárgyszavak:
Online Access:http://diploma.bibl.u-szeged.hu/43399
LEADER 00538nta a2200157 i 4500
001 dipl43399
005 20140805132211.0
008 140804s1972 hu om 0|| zxx d
040 |a SZTE Diploma Repozitórium  |b hun 
041 |a zxx 
100 1 |a Haszán János 
245 1 0 |a Raffai Sarolta írói munkássága (1930-)  |h [elektronikus dokumentum] /  |c János Haszán 
260 |c 1972 
650 4 |a Bölcsészettudományok 
700 1 |a Ilia Mihály  |e ths 
856 4 0 |u http://diploma.bibl.u-szeged.hu/id/eprint/43399/1/1972_haszan_janos.pdf  |z Dokumentum-elérés